000 00960nam a2200253 n 4500
003 DO-SdBNP
005 20230704113324.0
006 a||||fr|||| 00| 0
007 ta
008 230704t2002 dr ad||| |||| 00| 0 spa d
020 _a9993425400
040 _aDO-SdBNP
_bspa
_cBNPHU
_erda
082 4 _222
_bC735m
245 0 0 _a¿Cómo mejorar la gestión de programas y proyectos sociales?:
_bla experiencia del premio INDES / BID a la calidad innovación de la Gerencia social en la República Dominicana. /
_cEditado por Alejandro Medina Giopp
264 4 _aSanto Domingo :
_bINDES,
_bBID,
_bINTEC
_c©2002
300 _a173 páginas :
_bIustraciones, gráfica ;
_c28 cm
336 _2rdaconten
_atexto
_btxt
337 _2rdamedia
_asin medición
_bn
338 _2rdacarrier
_avolumen
_bnc
490 _aTemas Especializados en Gerencia Social ;
_v6
590 _aInventariado 2023 / MF
700 1 _917202
_aMedina Giopp, Alejandro
_eeditor
942 _2ddc
_cLBS1
999 _c54079
_d54079